Flamengo: Times históricos (2025) - Statistics

Estatísticas Gerais
  • Esse quiz foi jogado 199 vezes
    184 desde o último reset
  • A pontuação média é 27 de 28
Estatísticas das Respostas
Imagem Resposta % Correto
Agustín Rossi
99%
Arrascaeta
99%
Bruno Henrique
99%
Danilo
99%
Filipe Luis
99%
Jorge Carrascal
99%
Leo Pereira
99%
Erick Pulgar
98%
Gerson
98%
Jorginho
98%
Pedro
98%
Varela
98%
Ayrton Lucas
97%
Gonzalo Plata
97%
Leo Ortiz
97%
Luiz Araújo
97%
Wesley França
97%
Everton Cebolinha
96%
Nico De La Cruz
96%
Samuel Lino
96%
Alex Sandro
95%
Emerson Royal
95%
Michael
94%
Saúl Ñíguez
94%
Allan
91%
Wallace Yan
89%
Evertton Araújo
86%
Juninho Vieira
82%
Nenhum quiz correspondente encontrado
Distribuição das Pontuações
Porcentagem de Pessoas com Cada Pontuação
Percentil de Números Respondidos
Sua Pontuação Histórica
Você não jogou esse quiz desde o último reset